000 00654nam a22002297a 4500
003 UA-OsUOA
001 48410
007 ta
008 20130428b un ||||| |||| 00| 0 ukr d
090 _a74
_bЗ-41
942 _cBK
040 _aUA-OsUOA
_bukr
_cUA-OsUOA
_dUA-OsUOA
245 _aЗбірка вишивок Ігоря Чмоли
_cупор. О. Іванусів
300 _a219 с.
955 _a4
041 _aukr
080 _a74
260 _c2012
650 7 _a7 Мистецтво. Ігри. Спорт.
_2UDC
999 _c428509
_d428509